<?xml version="1.0" encoding="UTF-8"?><?xml-stylesheet type="text/xsl" href="static/style.xsl"?><OAI-PMH xmlns="http://www.openarchives.org/OAI/2.0/" xmlns:xsi="http://www.w3.org/2001/XMLSchema-instance" xsi:schemaLocation="http://www.openarchives.org/OAI/2.0/ http://www.openarchives.org/OAI/2.0/OAI-PMH.xsd"><responseDate>2026-04-13T07:15:38Z</responseDate><request verb="GetRecord" identifier="oai:www.recercat.cat:11351/7944" metadataPrefix="marc">https://recercat.cat/oai/request</request><GetRecord><record><header><identifier>oai:recercat.cat:11351/7944</identifier><datestamp>2025-10-24T10:50:47Z</datestamp><setSpec>com_2072_451661</setSpec><setSpec>com_2072_378040</setSpec><setSpec>col_2072_451664</setSpec></header><metadata><record xmlns="http://www.loc.gov/MARC21/slim" xmlns:dcterms="http://purl.org/dc/terms/" xmlns:xsi="http://www.w3.org/2001/XMLSchema-instance" xmlns:doc="http://www.lyncode.com/xoai" xsi:schemaLocation="http://www.loc.gov/MARC21/slim http://www.loc.gov/standards/marcxml/schema/MARC21slim.xsd">
   <leader>00925njm 22002777a 4500</leader>
   <datafield ind2=" " ind1=" " tag="042">
      <subfield code="a">dc</subfield>
   </datafield>
   <datafield ind2=" " ind1=" " tag="720">
      <subfield code="a">Carreras López, Nuria</subfield>
      <subfield code="e">author</subfield>
   </datafield>
   <datafield ind2=" " ind1=" " tag="720">
      <subfield code="a">Alonso Ramírez, Laia</subfield>
      <subfield code="e">author</subfield>
   </datafield>
   <datafield ind2=" " ind1=" " tag="720">
      <subfield code="a">Ferrer Padrosa, Marta</subfield>
      <subfield code="e">author</subfield>
   </datafield>
   <datafield ind2=" " ind1=" " tag="720">
      <subfield code="a">Congost Devesa, Laura</subfield>
      <subfield code="e">author</subfield>
   </datafield>
   <datafield ind2=" " ind1=" " tag="720">
      <subfield code="a">Salleras-Duran, Laia</subfield>
      <subfield code="e">author</subfield>
   </datafield>
   <datafield ind2=" " ind1=" " tag="720">
      <subfield code="a">Fontova Almató, Aurora</subfield>
      <subfield code="e">author</subfield>
   </datafield>
   <datafield ind2=" " ind1=" " tag="260">
      <subfield code="c">2022-07-29T07:34:19Z</subfield>
   </datafield>
   <datafield ind2=" " ind1=" " tag="260">
      <subfield code="c">2022-07-29T07:34:19Z</subfield>
   </datafield>
   <datafield ind2=" " ind1=" " tag="260">
      <subfield code="c">2022-03-31</subfield>
   </datafield>
   <datafield ind2=" " ind1=" " tag="520">
      <subfield code="a">Control d'infeccions nosocomials; Antisèpsia; Catèter urinari</subfield>
   </datafield>
   <datafield ind2=" " ind1=" " tag="520">
      <subfield code="a">Nosocomial infection control; Antisepsis; Urinary catheter</subfield>
   </datafield>
   <datafield ind2=" " ind1=" " tag="520">
      <subfield code="a">Control de infecciones nosocomiales; Antisepsia; Sonda vesical</subfield>
   </datafield>
   <datafield ind2=" " ind1=" " tag="520">
      <subfield code="a">L'objectiu va ser conèixer el compliment del procediment del sondatge vesical per part dels infermeres/es d’un servei d’urgències, i identificar si són similar a les recomanacions del Proyecto ITU-Zero.&#xd;
Es va realitzar un estudi descriptiu i transversal sobre la tècnica del sondatge vesical realitzada pels infermers/es d’un servei d’urgències. Les dades analitzades varen ser sociodemogràfiques (edat, sexe, anys d’experiència com a infermer/a i torn) i variables sobre tècnica del sondatge vesical. L’estudi va ser aprovat per la Comissió de Recerca del centre.&#xd;
Es van analitzar 40 participants, 80% eren dones. La mitjana d’edat era de 39,20 anys (DE=8,57). La mitjana d’anys d’experiència com a infermer/a era de 16,43 anys (DE=9,04). Un 62,5% dels participants no utilitzaven antisèptic, i un 25% n’utilitzaven a vegades. Referent al tipus d’antisèptic, un 57,5% no n’utilitzaven, i un 40% utilitzaven povidona iodada. En la tècnica del sondatge vesical, un 90% d’infermers/es realitzaven higiene de mans i un 97,5% preparaven camp estèril.&#xd;
Conclusions: Pràcticament tots els participants en l’estudi realitzaven higiene de mans abans de la tècnica i preparaven camp estèril, tal com indiquen les recomanacions del Proyecto ITU-Zero. Un elevat percentatge d’infermers/es no utilitzaven antisèptic en la tècnica del sondatge vesical, i els que utilitzaven antisèptic, la solució d’elecció era povidona iodada.</subfield>
   </datafield>
   <datafield ind1="8" ind2=" " tag="024">
      <subfield code="a">http://hdl.handle.net/11351/7944</subfield>
   </datafield>
   <datafield tag="653" ind2=" " ind1=" ">
      <subfield code="a">Infeccions nosocomials</subfield>
   </datafield>
   <datafield tag="653" ind2=" " ind1=" ">
      <subfield code="a">Asèpsia i antisèpsia</subfield>
   </datafield>
   <datafield tag="653" ind2=" " ind1=" ">
      <subfield code="a">Cateterisme uretral</subfield>
   </datafield>
   <datafield tag="653" ind2=" " ind1=" ">
      <subfield code="a">DISEASES::Bacterial Infections and Mycoses::Infection::Catheter-Related Infections</subfield>
   </datafield>
   <datafield tag="653" ind2=" " ind1=" ">
      <subfield code="a">ENFERMEDADES::infecciones bacterianas y micosis::infección::infecciones relacionadas con catéteres</subfield>
   </datafield>
   <datafield ind2="0" ind1="0" tag="245">
      <subfield code="a">Valoració de la técnica del sondatge vesical en un servei d'urgències</subfield>
   </datafield>
</record></metadata></record></GetRecord></OAI-PMH>